00240nam a2200085Ia 4500008004100000245006100041260002200102300001000124650002000134220216s9999 xx 000 0 und d 0aRanking of worlds rubber powers : The changing equations bRubber Asiac2005 a85-88 aRubber industry